000 00541nam a2200217Ia 4500
003 OSt
005 20220928145538.0
006 a|||||r|||| 00| 0
007 ta
008 220927b |||||||| |||| 00| 0 eng d
024 _a81103
037 _cTextual
040 _aSDCL
_cSDCL
_beng
041 _2eng
_aeng
082 _aO15,2:g(NT), K8
100 _aBenegal Som
_9513331
245 0 _aPanorama of theatre in India.
260 _c1968
942 _hO15,2:g(NT), K8
_cTEXL
_2CC
999 _c833976
_d833976